[Event "FB1 2122 Hamburger SK - SG 1871 Löberi"]
[Site "?"]
[Date "2022.05.29"]
[Round "11.3"]
[White "Otikova, Elina"]
[Black "Gaal, Zsoka"]
[Result "0-1"]
[WhiteElo "2090"]
[BlackElo "2323"]
[PlyCount "108"]
[EventDate "2022.??.??"]

1. e4 c6 2. d4 d5 3. Nd2 dxe4 4. Nxe4 Nf6 5. Nxf6+ exf6 6. c3 Bd6 7. Bd3 O-O 8.
Ne2 Re8 9. h3 Nd7 10. O-O Nf8 11. Be3 Ng6 12. Qc2 Bc7 13. Rfe1 Be6 14. Rad1 Qd7
15. Bxg6 hxg6 16. Bf4 g5 17. Bxc7 Qxc7 18. Ng3 g6 19. c4 Qa5 20. b3 Rad8 21.
Qb2 Kg7 22. b4 Qa4 23. Ne4 Bxc4 24. Nxf6 Rxe1+ 25. Rxe1 Qxa2 26. Qc3 Qb3 27.
Qa1 Bd5 28. Nxd5 Rxd5 29. Rb1 Qc2 30. Re1 Qd2 31. Rd1 Qxb4 32. Qxa7 b6 33. Qa1
b5 34. Rc1 Qa4 35. Qxa4 bxa4 36. Rxc6 Rxd4 37. Ra6 Kf8 38. Ra7 Rd1+ 39. Kh2 Ra1
40. Ra5 f6 41. Ra7 a3 42. g4 Ke8 43. Kg2 Kd8 44. Kh2 Kc8 45. Rf7 Rc1 46. Ra7
Rc3 47. Ra4 Kb7 48. f4 Kb6 49. fxg5 fxg5 50. Kg2 Kb5 51. Ra8 Kb4 52. Rb8+ Kc4
53. Kh2 a2 54. Ra8 Kb3 0-1

[Event "FB1 2122 Hamburger SK - SG 1871 Löberi"]
[Site "?"]
[Date "2022.05.29"]
[Round "11.4"]
[White "Roebers, Eline"]
[Black "Naumann, Nadine"]
[Result "1-0"]
[WhiteElo "2369"]
[BlackElo "1951"]
[PlyCount "53"]
[EventDate "2022.??.??"]

1. c4 c6 2. g3 d5 3. Bg2 Nf6 4. Nf3 Nbd7 5. O-O e5 6. d4 e4 7. Ne1 Bd6 8. Nc3
O-O 9. Nc2 Re8 10. Ne3 dxc4 11. Qc2 Bf8 12. Rd1 Qe7 13. Nxc4 Nb6 14. Nxb6 axb6
15. Bg5 Bf5 16. Bxf6 gxf6 17. e3 Bg4 18. Bxe4 Bxd1 19. Bxh7+ Kh8 20. Rxd1 Ra5
21. d5 Bh6 22. Rd4 Qc5 23. Rh4 Bg5 24. Bg8+ Kxg8 25. Qh7+ Kf8 26. Qh8+ Ke7 27.
Re4+ 1-0

[Event "FB1 2122 Hamburger SK - SG 1871 Löberi"]
[Site "?"]
[Date "2022.05.29"]
[Round "11.5"]
[White "Giebel, Christine"]
[Black "Fuchs, Judith"]
[Result "0-1"]
[WhiteElo "1833"]
[BlackElo "2229"]
[PlyCount "76"]
[EventDate "2022.??.??"]

1. e4 c5 2. c3 d5 3. e5 a6 4. d4 Nc6 5. f4 cxd4 6. cxd4 Nh6 7. Nc3 Bf5 8. Bd3
e6 9. Nf3 Qb6 10. Bb1 Bg4 11. Ne2 Bxf3 12. gxf3 Bb4+ 13. Bd2 Be7 14. Bc3 Bh4+
15. Ng3 g6 16. O-O Qa7 17. a4 Bd8 18. Qd2 Bb6 19. Rd1 a5 20. Kh1 Ng8 21. Bd3
Bxd4 22. Bxd4 Qxd4 23. Ne2 Qb6 24. Nc3 Nge7 25. Nb5 O-O 26. Rg1 Kh8 27. Qg2 Nb4
28. Bb1 Qe3 29. Qg5 Ng8 30. Ra3 Qd2 31. Rc3 Nc6 32. Nd6 Qxb2 33. Nxf7+ Rxf7 34.
Bxg6 hxg6 35. Qxg6 Rh7 36. Rc2 Qb3 37. Rg3 Nce7 38. Rcg2 Nxg6 0-1

[Event "FB1 2122 Hamburger SK - SG 1871 Löberi"]
[Site "?"]
[Date "2022.05.29"]
[Round "11.6"]
[White "Genova, Lyubka"]
[Black "Schuster, Rebekka"]
[Result "1-0"]
[WhiteElo "2225"]
[BlackElo "1830"]
[PlyCount "45"]
[EventDate "2022.??.??"]

1. e4 e6 2. d3 d5 3. Qe2 Nf6 4. Nf3 Be7 5. g3 c5 6. Bg2 Nc6 7. O-O b6 8. e5 Nd7
9. c4 dxc4 10. dxc4 Bb7 11. Rd1 Qc7 12. Nc3 a6 13. h4 O-O-O 14. Bf4 h6 15. Ne4
Ndxe5 16. Nxe5 Nxe5 17. Nxc5 Qxc5 18. b4 Nf3+ 19. Bxf3 Qf5 20. Bxb7+ Kxb7 21.
Qf3+ Ka7 22. Qc6 Bf6 23. Be3 1-0

[Event "FB1 2122 TuRa Harksheide  - SV Weißbla"]
[Site "?"]
[Date "2022.05.29"]
[Round "11.1"]
[White "Cyfka, Karina"]
[Black "Unuk, Laura"]
[Result "1/2-1/2"]
[WhiteElo "2404"]
[BlackElo "2338"]
[PlyCount "49"]
[EventDate "2022.??.??"]

1. d4 Nf6 2. c4 e6 3. Nf3 d5 4. Nc3 Be7 5. Bf4 O-O 6. e3 b6 7. Bd3 dxc4 8. Bxc4
Ba6 9. Bxa6 Nxa6 10. O-O c5 11. Qe2 Qc8 12. Rac1 Qb7 13. Rfd1 Rac8 14. Nb5 Rfd8
15. a3 h6 16. Ne5 cxd4 17. Nxd4 Nb8 18. h3 a6 19. Qf3 Qxf3 20. Nexf3 Nc6 21.
Kf1 Ne4 22. Nxc6 Rxd1+ 23. Rxd1 Rxc6 24. Nd4 Rc5 25. f3 1/2-1/2

[Event "FB1 2122 TuRa Harksheide  - SV Weißbla"]
[Site "?"]
[Date "2022.05.29"]
[Round "11.2"]
[White "Antolak, Julia"]
[Black "Kulon, Klaudia"]
[Result "1/2-1/2"]
[WhiteElo "2371"]
[BlackElo "2305"]
[PlyCount "34"]
[EventDate "2022.??.??"]

1. e4 c5 2. Nf3 g6 3. c3 d5 4. exd5 Qxd5 5. d4 Nc6 6. Be3 cxd4 7. Nxd4 Bg7 8.
Na3 Nxd4 9. Nb5 Qd8 10. Bxd4 Bxd4 11. Qxd4 Qxd4 12. Nxd4 a6 13. O-O-O Nf6 14.
Be2 Bg4 15. Rhe1 Bxe2 16. Rxe2 e6 17. Nb3 Ke7 1/2-1/2

[Event "FB1 2122 TuRa Harksheide  - SV Weißbla"]
[Site "?"]
[Date "2022.05.29"]
[Round "11.3"]
[White "Hincu, Olga"]
[Black "Radikovic, Anamarija"]
[Result "1-0"]
[WhiteElo "2078"]
[BlackElo "2133"]
[PlyCount "105"]
[EventDate "2022.??.??"]

1. d4 d5 2. Nf3 Nf6 3. c4 c6 4. e3 Bf5 5. Nc3 e6 6. Nh4 Be4 7. f3 Bg6 8. Qb3
Qc7 9. Bd2 Nbd7 10. Rc1 Qb8 11. cxd5 exd5 12. g3 Be7 13. Bg2 Nh5 14. Nxg6 hxg6
15. Ne2 O-O 16. O-O Nb6 17. e4 Nc4 18. Be1 Nf6 19. e5 Ne8 20. f4 Nc7 21. g4 a5
22. f5 Bg5 23. Rxc4 dxc4 24. Qxc4 Qd8 25. Nf4 gxf5 26. gxf5 Bxf4 27. Rxf4 Qg5
28. Bd2 Nd5 29. Rf2 Qh5 30. h3 Rfe8 31. Rf3 Qh4 32. Qd3 Rad8 33. a3 c5 34. dxc5
Rxe5 35. Bxa5 b6 36. cxb6 Nxb6 37. Qc3 Qf6 38. b4 Nd5 39. Bxd8 Nxc3 40. Bxf6
Ne2+ 41. Kf2 gxf6 42. Re3 Nf4 43. Rxe5 Nd3+ 44. Ke3 Nxe5 45. b5 Kf8 46. Kd4 Ke7
47. Kc5 Kd8 48. b6 Nd7+ 49. Kc6 Ne5+ 50. Kb7 Nc4 51. Ka7 Nxa3 52. b7 Nb5+ 53.
Kb6 1-0

[Event "FB1 2122 TuRa Harksheide  - SV Weißbla"]
[Site "?"]
[Date "2022.05.29"]
[Round "11.4"]
[White "Adamowicz, Katarzyna"]
[Black "Schulz, Petra"]
[Result "1/2-1/2"]
[WhiteElo "2108"]
[BlackElo "1996"]
[PlyCount "130"]
[EventDate "2022.??.??"]

1. e4 e6 2. d4 d5 3. Nc3 Bb4 4. e5 Qd7 5. a3 Bxc3+ 6. bxc3 b6 7. a4 Ba6 8. Bxa6
Nxa6 9. Qd3 Nb8 10. h4 Nc6 11. h5 f6 12. h6 fxe5 13. dxe5 gxh6 14. Nf3 Qg7 15.
Qb5 Nge7 16. Rxh6 Qxg2 17. Rxe6 O-O 18. Be3 Qxf3 19. Kd2 a6 20. Qd3 Qf5 21.
Rg1+ Kh8 22. Qxf5 Rxf5 23. Bg5 Rxf2+ 24. Ke1 Raf8 25. Bf6+ R2xf6 26. exf6 Ng6
27. Rf1 Nd8 28. Re7 c6 29. Ra7 a5 30. Ra6 Re8+ 31. Kd1 Kg8 32. Rxb6 Ne5 33. Ra6
Nc4 34. Rf3 Kf7 35. Ra7+ Ke6 36. Rxh7 Nf7 37. Rf2 Nce5 38. Kc1 Rg8 39. Rg7 Rh8
40. Kb2 Rb8+ 41. Ka2 Rh8 42. Rg1 Rh4 43. Kb3 Re4 44. Rg8 Nd6 45. Ra8 Nd7 46. f7
Nc5+ 47. Kb2 Nxa4+ 48. Kc1 Nxf7 49. Re8+ Kd6 50. Rxe4 dxe4 51. Rxf7 Nxc3 52.
Kd2 Nb5 53. Ke3 Kc5 54. Rf6 a4 55. Kxe4 a3 56. Kd3 a2 57. Rf1 Kb4 58. Kd2 Nc3
59. Ra1 Nb1+ 60. Kc1 Ka3 61. Rxb1 axb1=Q+ 62. Kxb1 Kb4 63. Kb2 Kc4 64. Ka2 Kb4
65. Kb2 Kc4 1/2-1/2

[Event "FB1 2122 TuRa Harksheide  - SV Weißbla"]
[Site "?"]
[Date "2022.05.29"]
[Round "11.5"]
[White "Daemering, Katrin"]
[Black "Brandt, Carina"]
[Result "1/2-1/2"]
[WhiteElo "1966"]
[BlackElo "2061"]
[PlyCount "80"]
[EventDate "2022.??.??"]

1. Nf3 Nf6 2. g3 g6 3. Bg2 Bg7 4. d3 d5 5. O-O O-O 6. Nbd2 c6 7. e4 Nfd7 8. Ne1
Nc5 9. f4 dxe4 10. dxe4 e5 11. Kh1 exf4 12. gxf4 Qh4 13. Qf3 Rd8 14. Nc4 Be6
15. Ne3 f5 16. exf5 gxf5 17. Qg3 Qf6 18. Rg1 Kh8 19. Bf3 Bh6 20. N1g2 Nba6 21.
a3 Ne4 22. Bxe4 fxe4 23. Ng4 Bxg4 24. Qxg4 Rg8 25. Qe2 Nc5 26. Be3 Ne6 27. c3
Qf5 28. Qf2 Rg4 29. Nh4 Rxg1+ 30. Rxg1 Qf7 31. Bxa7 Rf8 32. f5 Bg5 33. Bd4+
Nxd4 34. Qxd4+ Bf6 35. Qxe4 Bxh4 36. Qxh4 Qd5+ 37. Rg2 Qd1+ 38. Rg1 Qd5+ 39.
Rg2 Qd1+ 40. Rg1 Qd5+ 1/2-1/2

[Event "FB1 2122 TuRa Harksheide  - SV Weißbla"]
[Site "?"]
[Date "2022.05.29"]
[Round "11.6"]
[White "Koehler, Inken"]
[Black "Just, Anita"]
[Result "1/2-1/2"]
[WhiteElo "2002"]
[BlackElo "1895"]
[PlyCount "107"]
[EventDate "2022.??.??"]

1. c4 e5 2. Nc3 f5 3. g3 Nf6 4. Bg2 Bb4 5. Qc2 Bxc3 6. bxc3 d6 7. Ba3 c5 8. Nh3
O-O 9. O-O Nc6 10. Rab1 Qe7 11. f3 Qf7 12. d3 Qh5 13. Qd2 f4 14. g4 Nxg4 15.
fxg4 Bxg4 16. Nxf4 exf4 17. Rxf4 g5 18. Rxf8+ Rxf8 19. Rxb7 Bxe2 20. Rb2 Bf3
21. Qe3 Bxg2 22. Kxg2 Ne5 23. Qe4 Qf7 24. Qd5 Qxd5+ 25. cxd5 Nxd3 26. Rd2 Ne5
27. Re2 Nc4 28. Bc1 Rf5 29. Re4 Nb6 30. c4 Kf7 31. Rg4 h6 32. Re4 Re5 33. Rxe5
dxe5 34. Be3 Nxc4 35. Bxc5 Nb6 36. Kf3 Nxd5 37. Bxa7 Nc3 38. a3 Ke6 39. Bc5 h5
40. Bb4 Nd5 41. Bd2 Kf5 42. a4 g4+ 43. Kg3 Ke4 44. Kh4 Kd3 45. Bg5 Ke4 46. Kxh5
Kf3 47. a5 Nb4 48. Bd2 Na6 49. Kh4 e4 50. Be1 e3 51. h3 gxh3 52. Kxh3 Ke2 53.
Bh4 Kf3 54. Kh2 1/2-1/2

[Event "FB1 2122 OSG Baden-Baden - SC Bad Köni"]
[Site "?"]
[Date "2022.05.29"]
[Round "11.1"]
[White "Osmak, Yuliia"]
[Black "Abdumalik, Zhansaya"]
[Result "1/2-1/2"]
[WhiteElo "2428"]
[BlackElo "2489"]
[PlyCount "89"]
[EventDate "2022.??.??"]

1. Nf3 Nf6 2. c4 c5 3. Nc3 b6 4. e4 d6 5. d4 cxd4 6. Nxd4 Bb7 7. f3 g6 8. Be3
Bg7 9. Qd2 h5 10. Be2 a6 11. O-O h4 12. Rfd1 Nbd7 13. b4 Rc8 14. Rac1 Qc7 15.
a4 Qb8 16. Nb3 O-O 17. Nd5 Rfe8 18. h3 Bc6 19. b5 axb5 20. axb5 Bxd5 21. cxd5
Nh5 22. Nd4 Nc5 23. Nc6 Qb7 24. Bc4 Kh7 25. Qe1 Bf6 26. Bf2 g5 27. e5 dxe5 28.
Ra1 Qd7 29. Bxc5 bxc5 30. Ra7 Qd6 31. b6 Ng3 32. b7 Rb8 33. Nxb8 Rxb8 34. Ra6
Qd7 35. Bd3+ e4 36. Bxe4+ Kg7 37. d6 Bd4+ 38. Rxd4 cxd4 39. Qd2 f6 40. dxe7
Nxe4 41. fxe4 Qxb7 42. Re6 Qd7 43. e8=Q Rxe8 44. Rxe8 Qxe8 45. Qxd4 1/2-1/2

[Event "FB1 2122 OSG Baden-Baden - SC Bad Köni"]
[Site "?"]
[Date "2022.05.29"]
[Round "11.2"]
[White "Kosteniuk, Alexandra"]
[Black "Schneider, Jana"]
[Result "1-0"]
[WhiteElo "2513"]
[BlackElo "2303"]
[PlyCount "145"]
[EventDate "2022.??.??"]

1. e4 e5 2. Nf3 Nc6 3. Bb5 a6 4. Ba4 Nf6 5. d3 b5 6. Bb3 Bc5 7. Bg5 h6 8. Bh4
d6 9. c3 Bd7 10. Nbd2 Bb6 11. Nf1 g5 12. Bg3 Ne7 13. d4 Nxe4 14. dxe5 g4 15.
N3d2 Nxg3 16. Nxg3 dxe5 17. Nde4 Be6 18. Nf6+ Kf8 19. Bxe6 Qxd1+ 20. Rxd1 fxe6
21. Nxg4 Nc6 22. Rd7 Rg8 23. Nxh6 Rg6 24. Rf7+ Ke8 25. Rh7 Rd8 26. h3 b4 27.
Ng4 bxc3 28. bxc3 Rd5 29. Ne4 Kd8 30. O-O Kc8 31. Ngf6 Rd3 32. Kh2 Na5 33. h4
Nc4 34. h5 Rxf6 35. Nxf6 Nd2 36. Kg1 Nxf1 37. Kxf1 Rxc3 38. Ne4 Rc4 39. f3 Rc1+
40. Ke2 Rc2+ 41. Kd3 Rxg2 42. h6 Rh2 43. Rh8+ Kb7 44. h7 Bd4 45. Ng5 c5 46. Rd8
Kc6 47. a4 Ba1 48. Kc4 e4 49. fxe4 Bf6 50. Rf8 Bd4 51. Re8 Kd7 52. Rxe6 Rxh7
53. Rxa6 Rh4 54. Kd3 Rg4 55. Nf7 Rf4 56. Ra7+ Ke6 57. Nd8+ Kd6 58. Ra6+ Kd7 59.
Ne6 Rf3+ 60. Kc4 Rc3+ 61. Kd5 Bf2 62. Ra7+ Ke8 63. Nc7+ Kd8 64. Nb5 Rd3+ 65.
Ke6 Kc8 66. a5 Rb3 67. Nd6+ Kb8 68. Rf7 Rb2 69. a6 c4 70. Nxc4 Ra2 71. Rb7+ Kc8
72. Nd6+ Kd8 73. Rd7# 1-0

[Event "FB1 2122 OSG Baden-Baden - SC Bad Köni"]
[Site "?"]
[Date "2022.05.29"]
[Round "11.3"]
[White "Melamed, Tatjana"]
[Black "Paehtz, Elisabeth"]
[Result "1/2-1/2"]
[WhiteElo "2353"]
[BlackElo "2497"]
[PlyCount "42"]
[EventDate "2022.??.??"]

1. e4 c5 2. c3 Nf6 3. e5 Nd5 4. d4 cxd4 5. cxd4 d6 6. Nf3 Nc6 7. Bc4 dxe5 8.
dxe5 Nb6 9. Qxd8+ Nxd8 10. Bb3 g6 11. Nd4 Bg7 12. f4 Bd7 13. Nc3 Nc6 14. Be3
Nxd4 15. Bxd4 Bc6 16. O-O e6 17. Bc5 O-O-O 18. Rad1 Rxd1 19. Rxd1 Bf8 20. Bxf8
Rxf8 21. Kf2 h5 1/2-1/2

[Event "FB1 2122 OSG Baden-Baden - SC Bad Köni"]
[Site "?"]
[Date "2022.05.29"]
[Round "11.4"]
[White "Stefanova, Antoaneta"]
[Black "Savina, Anastasia"]
[Result "1-0"]
[WhiteElo "2458"]
[BlackElo "2348"]
[PlyCount "59"]
[EventDate "2022.??.??"]

1. d4 d6 2. e4 Nf6 3. Nc3 e5 4. Nf3 Nbd7 5. Bc4 Be7 6. a4 c6 7. O-O O-O 8. Re1
a5 9. h3 Nb6 10. Ba2 Nfd7 11. Be3 exd4 12. Qxd4 Nc5 13. Rad1 Be6 14. Bxe6 fxe6
15. e5 d5 16. Qg4 Qe8 17. b3 Nbd7 18. h4 Rf5 19. Nd4 Nxe5 20. Qg3 Rh5 21. Bg5
Bxg5 22. hxg5 Nf7 23. f4 e5 24. Qf3 g6 25. Nxd5 cxd5 26. Qxd5 Qd7 27. Qxc5 exd4
28. Re7 Qg4 29. Rde1 Rf8 30. Re8 1-0

[Event "FB1 2122 OSG Baden-Baden - SC Bad Köni"]
[Site "?"]
[Date "2022.05.29"]
[Round "11.5"]
[White "Belenkaya, Dina"]
[Black "Zatonskih, Anna"]
[Result "1/2-1/2"]
[WhiteElo "2254"]
[BlackElo "2386"]
[PlyCount "206"]
[EventDate "2022.??.??"]

1. e4 e5 2. Nf3 Nf6 3. Nxe5 d6 4. Nf3 Nxe4 5. Qe2 Qe7 6. Nc3 Nxc3 7. dxc3 Qxe2+
8. Bxe2 Be7 9. Bf4 Nc6 10. O-O-O Bd7 11. Rhe1 O-O-O 12. h4 h6 13. h5 Bf6 14.
Nh2 Rde8 15. Nf1 Re7 16. Bd2 Rhe8 17. Ne3 d5 18. Bd3 Bg5 19. Rf1 Bxe3 20. Bxe3
Ne5 21. Be2 Nc4 22. Bxc4 dxc4 23. Rd4 b5 24. Rfd1 a6 25. Rf4 f6 26. Rfd4 Bf5
27. a4 Be4 28. Rg1 Re6 29. a5 Re5 30. Rh1 R8e7 31. Rh2 R5e6 32. Rd2 Bc6 33. b3
cxb3 34. cxb3 Re5 35. Rd4 Be8 36. Rdh4 Rf5 37. R2h3 Rfe5 38. Kb2 Rd7 39. Kc2
Bf7 40. Kb2 Red5 41. Rh1 Re5 42. R1h3 Red5 43. Ka3 Re5 44. Rh1 Red5 45. Kb4 Re5
46. c4 bxc4 47. bxc4 Be6 48. Rf4 Rd3 49. Rfh4 Kb7 50. Rb1 Kc6 51. Rb2 Kd6 52.
Rd2 Rxd2 53. Bxd2 Kc6 54. Be3 Bd7 55. Bd4 Rg5 56. g3 Rg4 57. Bc5 Rxh4 58. gxh4
Bg4 59. Bf8 Bxh5 60. Bxg7 f5 61. Bxh6 Kd7 62. Kc5 Bf7 63. Bf4 Bh5 64. Kd4 Be2
65. Kd5 c6+ 66. Ke5 Bxc4 67. Kf6 Ke8 68. Bd6 Be2 69. Kg6 Bc4 70. f4 Bf7+ 71.
Kxf5 Bg8 72. Kf6 Bf7 73. f5 Bh5 74. Kg5 Be2 75. Kg6 Bc4 76. Bc5 Bf7+ 77. Kf6
Bg8 78. h5 Bh7 79. h6 Kd7 80. Bb4 Ke8 81. Ke6 Bg8+ 82. Kf6 Bh7 83. Bc5 Kd7 84.
Ba3 Ke8 85. Be7 Kd7 86. Bf8 Ke8 87. Ba3 Kd7 88. Ke5 Ke8 89. Ke6 Bg8+ 90. Kd6
Bh7 91. f6 Kf7 92. Bb2 Bg8 93. Bd4 c5 94. Kxc5 Kg6 95. Kb6 Bc4 96. Kc5 Bg8 97.
Kb6 Bc4 98. f7 Bxf7 99. Kxa6 Kxh6 100. Kb6 Bd5 101. a6 Kg6 102. a7 Kf5 103.
a8=Q Bxa8 1/2-1/2

[Event "FB1 2122 OSG Baden-Baden - SC Bad Köni"]
[Site "?"]
[Date "2022.05.29"]
[Round "11.6"]
[White "Tammert, Iamze"]
[Black "Obolentseva, Alexandra"]
[Result "1/2-1/2"]
[WhiteElo "2302"]
[BlackElo "2305"]
[PlyCount "51"]
[EventDate "2022.??.??"]

1. c4 Nf6 2. Nc3 g6 3. g3 Bg7 4. Bg2 O-O 5. d4 d6 6. Nf3 c5 7. dxc5 dxc5 8.
Qxd8 Rxd8 9. Be3 Na6 10. Ne5 Ne8 11. f4 Nd6 12. Rd1 f6 13. Nf3 Be6 14. b3 Nf5
15. Bf2 Rxd1+ 16. Kxd1 b6 17. Kc1 Nc7 18. Rd1 Nd6 19. h3 Rb8 20. e4 Nf7 21. Kc2
Kf8 22. g4 Rd8 23. Rxd8+ Nxd8 24. f5 Bd7 25. Bg3 Ne8 26. Bf4 1/2-1/2

[Event "FB1 2122 Schachfreunde Deizisau - SK Sc"]
[Site "?"]
[Date "2022.05.29"]
[Round "11.1"]
[White "Kashlinskaya, Alina"]
[Black "Klek, Hanna Marie"]
[Result "1-0"]
[WhiteElo "2498"]
[BlackElo "2362"]
[PlyCount "83"]
[EventDate "2022.??.??"]

1. e4 e5 2. Nf3 Nc6 3. Bb5 a6 4. Ba4 Nf6 5. O-O Be7 6. d3 b5 7. Bb3 d6 8. a4
Bd7 9. c3 O-O 10. Bc2 b4 11. Re1 Bg4 12. h3 Bh5 13. Nbd2 a5 14. Nf1 Re8 15. Ng3
Bg6 16. Bb3 bxc3 17. bxc3 d5 18. Bg5 dxe4 19. Bxf6 Bxf6 20. Nxe4 Nb8 21. Bc4 c6
22. Qb3 Na6 23. Qb7 Qc8 24. Rab1 Qxb7 25. Rxb7 Bxe4 26. Rxe4 Nc5 27. Bxf7+ Kf8
28. Bxe8 Kxe8 29. Rc7 Nxe4 30. dxe4 Ra6 31. g4 h6 32. h4 g5 33. h5 Kf8 34. Nd2
Rb6 35. Nc4 Rb1+ 36. Kg2 Ra1 37. Rxc6 Bd8 38. Rxh6 Rxa4 39. Rc6 Kg7 40. Kf3 Ra1
41. Rg6+ Kh7 42. Rd6 1-0

[Event "FB1 2122 Schachfreunde Deizisau - SK Sc"]
[Site "?"]
[Date "2022.05.29"]
[Round "11.2"]
[White "Gaponenko, Inna"]
[Black "Batsiashvili, Nino"]
[Result "1/2-1/2"]
[WhiteElo "2332"]
[BlackElo "2463"]
[PlyCount "114"]
[EventDate "2022.??.??"]

1. e4 e5 2. Nf3 Nc6 3. Bb5 a6 4. Ba4 Nf6 5. O-O b5 6. Bb3 Bc5 7. a4 Rb8 8. axb5
axb5 9. Nxe5 Nxe5 10. d4 Bxd4 11. Qxd4 d6 12. f4 c5 13. Qd1 Nc6 14. e5 dxe5 15.
Qxd8+ Nxd8 16. fxe5 Ng4 17. Bd5 Be6 18. Be4 Bc4 19. Re1 Nxe5 20. Be3 Rc8 21.
Bf4 f6 22. Bxe5 fxe5 23. Na3 Be6 24. Nxb5 O-O 25. b3 Nf7 26. Ra6 Bd7 27. Nd6
Nxd6 28. Rxd6 Bf5 29. Bxf5 Rxf5 30. Re6 c4 31. R6xe5 Rxe5 32. Rxe5 cxb3 33.
cxb3 Rc2 34. h4 Rb2 35. Rb5 h5 36. Kh2 Kf7 37. Rb6 Rd2 38. Kg3 Rd4 39. b4 Rg4+
40. Kh3 Rd4 41. b5 Rd3+ 42. Kh2 Rd4 43. Kg3 Rg4+ 44. Kh3 Rb4 45. Rb7+ Kf6 46.
b6 Rb3+ 47. Kh2 g6 48. Rb8 Kg7 49. Kg1 Rb2 50. Kf1 Kf6 51. Ke1 Kf5 52. b7 Kg4
53. Rg8 Rxb7 54. Rxg6+ Kxh4 55. Kf2 Rb2+ 56. Kg1 Rb1+ 57. Kh2 Rb2 1/2-1/2

[Event "FB1 2122 Schachfreunde Deizisau - SK Sc"]
[Site "?"]
[Date "2022.05.29"]
[Round "11.3"]
[White "Javakhishvili, Lela"]
[Black "Schleining, Zoya"]
[Result "1/2-1/2"]
[WhiteElo "2480"]
[BlackElo "2329"]
[PlyCount "150"]
[EventDate "2022.??.??"]

1. d4 e6 2. c4 f5 3. Nc3 Nf6 4. Qc2 b6 5. f3 Nc6 6. e3 g6 7. Nge2 Bh6 8. a3 a5
9. Bd2 O-O 10. h4 Ba6 11. h5 gxh5 12. b3 Qe7 13. e4 Bxd2+ 14. Qxd2 fxe4 15.
Nxe4 Nxe4 16. fxe4 a4 17. b4 Bxc4 18. O-O-O h4 19. g3 Rf3 20. Nc3 Bxf1 21.
Rdxf1 Rxf1+ 22. Rxf1 hxg3 23. Rg1 Kh8 24. Rxg3 Rg8 25. Rxg8+ Kxg8 26. e5 Qg7
27. Qe3 Ne7 28. Qf2 Nd5 29. Nxa4 Qg5+ 30. Kb2 h5 31. Nc3 Nxc3 32. Kxc3 h4 33.
Kc4 c6 34. a4 Qc1+ 35. Kd3 Qd1+ 36. Ke4 Qb1+ 37. Kf4 Qxb4 38. Qg1+ Kh7 39. Kg4
Qe7 40. Qb1+ Kh6 41. Qc1+ Kg7 42. Qb2 Qd8 43. Qb4 Kf7 44. Qb2 b5 45. axb5 Qg8+
46. Kxh4 Qh7+ 47. Kg5 Qf5+ 48. Kh4 Qe4+ 49. Kg5 Qf5+ 50. Kh4 Qf4+ 51. Kh5 cxb5
52. Qxb5 Qxd4 53. Qf1+ Ke8 54. Qb5 Qd5 55. Qb8+ Kf7 56. Qc7 Qd4 57. Kg5 Kg7 58.
Kh5 Kf7 59. Kg5 Ke7 60. Qb8 Qg1+ 61. Kh5 Kf7 62. Qc7 Qg6+ 63. Kh4 Qe4+ 64. Kg5
Qe3+ 65. Kh5 Qe2+ 66. Kg5 Qd2+ 67. Kh5 Kg7 68. Qb8 Qh2+ 69. Kg4 Qg2+ 70. Kh5
Qg6+ 71. Kh4 Qf7 72. Kg5 Qf5+ 73. Kh4 Qh7+ 74. Kg5 Qh6+ 75. Kg4 Qg6+ 1/2-1/2

[Event "FB1 2122 Schachfreunde Deizisau - SK Sc"]
[Site "?"]
[Date "2022.05.29"]
[Round "11.4"]
[White "Rapport, Jovana"]
[Black "Arabidze, Meri"]
[Result "0-1"]
[WhiteElo "2294"]
[BlackElo "2436"]
[PlyCount "76"]
[EventDate "2022.??.??"]

1. e4 c5 2. Nf3 e6 3. g3 Nc6 4. d4 cxd4 5. Nxd4 Qc7 6. Bg2 Nf6 7. O-O a6 8. c4
Nxd4 9. Qxd4 Bc5 10. Qd1 h6 11. Nc3 d6 12. a3 O-O 13. b4 Ba7 14. Qe2 e5 15. Bb2
Bg4 16. Qd3 Rac8 17. h3 Be6 18. Rfd1 Bd4 19. Qd2 Qxc4 20. Rdc1 Bxc3 21. Qxc3
Qe2 22. Re1 Qh5 23. Qd3 Bxh3 24. Qxd6 Ng4 25. Bf3 Bg2 26. Bxg2 Rc2 27. Bd4 exd4
28. Qxd4 Rxf2 29. Qxf2 Nxf2 30. Kxf2 Qe5 31. Ra2 f5 32. Re3 fxe4+ 33. Ke1 Qd4
34. Rae2 Qa1+ 35. Kd2 Rd8+ 36. Kc2 Qd1+ 37. Kc3 Rd3+ 38. Kc4 Qc1+ 0-1

[Event "FB1 2122 Schachfreunde Deizisau - SK Sc"]
[Site "?"]
[Date "2022.05.29"]
[Round "11.5"]
[White "Atalik, Ekaterina"]
[Black "Koepke, Elena"]
[Result "1-0"]
[WhiteElo "2414"]
[BlackElo "2285"]
[PlyCount "115"]
[EventDate "2022.??.??"]

1. Nf3 Nf6 2. g3 b6 3. Bg2 Bb7 4. c4 e6 5. O-O Be7 6. Nc3 O-O 7. d4 Ne4 8. Qd3
Nxc3 9. Qxc3 d6 10. b3 Bf6 11. Bb2 Nd7 12. Qc2 g6 13. h4 Bg7 14. h5 Qe7 15.
Rad1 Nf6 16. hxg6 fxg6 17. d5 exd5 18. cxd5 Nxd5 19. Bxg7 Kxg7 20. Nd4 c5 21.
Nb5 Nf6 22. Bxb7 Qxb7 23. Nxd6 Qe7 24. Rd3 Qe5 25. Rfd1 Ng4 26. Rd5 Qe6 27. Qe4
Qxe4 28. Nxe4 Rae8 29. Rd7+ Kh6 30. f3 Ne3 31. Rc1 g5 32. Rd6+ Kg7 33. Nxg5 Nf5
34. Rd7+ Kg6 35. Ne4 Nd4 36. Kg2 Nxe2 37. Rh1 Rh8 38. Rxa7 Nd4 39. Rb7 Re6 40.
Rd7 Nb5 41. Rh4 h5 42. g4 Nd4 43. gxh5+ Rxh5 44. Rg4+ Kh6 45. Rd8 Kh7 46. Rf8
Rhe5 47. Nf6+ Rxf6 48. Rxf6 Re2+ 49. Kg3 Rxa2 50. Rxb6 Rb2 51. Re4 Kg8 52. b4
Ne2+ 53. Kg4 Nc3 54. bxc5 Rg2+ 55. Kh3 Rf2 56. Rg4+ Kf7 57. Rf4+ Ke7 58. Rb3
1-0

[Event "FB1 2122 Schachfreunde Deizisau - SK Sc"]
[Site "?"]
[Date "2022.05.29"]
[Round "11.6"]
[White "Jelica, Mara"]
[Black "Daulyte-Cornette, Deimante"]
[Result "0-1"]
[WhiteElo "2121"]
[BlackElo "2372"]
[PlyCount "100"]
[EventDate "2022.??.??"]

1. e4 c5 2. Nf3 Nc6 3. d4 cxd4 4. Nxd4 Nf6 5. Nc3 e5 6. Ndb5 d6 7. Bg5 a6 8.
Na3 Be6 9. Nc4 Rb8 10. Ne3 Be7 11. Bxf6 Bxf6 12. Ncd5 Bg5 13. a4 O-O 14. h4
Bxe3 15. Nxe3 Qb6 16. Qxd6 Qxb2 17. Qa3 Qd4 18. Bd3 Nb4 19. O-O Rfc8 20. Rab1
a5 21. Qb2 Rc3 22. Rfd1 Nxd3 23. cxd3 Rxd3 24. Qb5 Rxd1+ 25. Rxd1 Qxe4 26. Qxa5
h6 27. Rd8+ Rxd8 28. Qxd8+ Kh7 29. a5 f5 30. Qc7 f4 31. Qc2 Qxc2 32. Nxc2 Bc4
33. g3 Kg6 34. Kg2 Kf5 35. gxf4 exf4 36. Kf3 Bd5+ 37. Ke2 Kg4 38. Kd3 Kf3 39.
Kd4 Bb3 40. Nb4 Kxf2 41. Nd3+ Kg3 42. Nc5 Bc2 43. Nxb7 f3 44. a6 f2 45. a7 f1=Q
46. a8=Q Qf6+ 47. Kc5 Qc3+ 48. Kb6 Qb4+ 49. Kc7 Be4 50. Kd8 Qf8+ 0-1

[Event "FB1 2122 SK Lehrte - Rodewischer Schach"]
[Site "?"]
[Date "2022.05.29"]
[Round "11.1"]
[White "Sliwicka, Alicja"]
[Black "Sieber, Fiona"]
[Result "0-1"]
[WhiteElo "2273"]
[BlackElo "2264"]
[PlyCount "120"]
[EventDate "2022.??.??"]

1. e4 c5 2. Nf3 e6 3. d4 cxd4 4. Nxd4 a6 5. Bd3 Bc5 6. Nb3 Be7 7. O-O d6 8. f4
Qc7 9. Bd2 Nf6 10. Qf3 O-O 11. Nc3 Nc6 12. Rae1 Nb4 13. Kh1 Nxd3 14. cxd3 b5
15. Rc1 Qb8 16. Ne2 Bd7 17. Ned4 Rc8 18. e5 Nd5 19. f5 Rxc1 20. Bxc1 dxe5 21.
fxe6 fxe6 22. Qf7+ Kh8 23. Nxe6 Bxe6 24. Qxe6 Qd6 25. Qg4 Nf6 26. Qe2 Rd8 27.
d4 e4 28. Bf4 Qd5 29. Rc1 Bd6 30. Bxd6 Qxd6 31. Kg1 Re8 32. Rc3 Nd5 33. Qh5 g6
34. Qe2 Nxc3 35. bxc3 Qf4 36. Nd2 e3 37. Nf3 Qe4 38. h3 Rc8 39. a4 Rxc3 40.
axb5 Rc1+ 41. Kh2 Qf4+ 42. g3 Qe4 43. Ne1 axb5 44. d5 Qb1 45. Qf3 Kg7 46. Qf4
Qb2+ 47. Ng2 Rc2 48. Kh1 Rxg2 49. Qc7+ Kh6 50. Qf4+ g5 51. Qf8+ Qg7 52. Qd6+
Kh5 53. g4+ Kh4 54. Kxg2 Qb2+ 55. Kh1 Qc1+ 56. Kg2 Qd2+ 57. Kf3 Qf2+ 58. Ke4 e2
59. Qh6+ Kg3 60. Qd6+ Qf4+ 0-1

[Event "FB1 2122 SK Lehrte - Rodewischer Schach"]
[Site "?"]
[Date "2022.05.29"]
[Round "11.2"]
[White "Newrkla, Katharina"]
[Black "Lubbe, Melanie"]
[Result "1/2-1/2"]
[WhiteElo "2232"]
[BlackElo "2308"]
[PlyCount "54"]
[EventDate "2022.??.??"]

1. e4 c5 2. Nf3 d6 3. d4 cxd4 4. Nxd4 Nf6 5. Nc3 Nc6 6. Bg5 e6 7. Qd2 Be7 8.
O-O-O O-O 9. h4 Nxd4 10. Qxd4 a6 11. Kb1 Qa5 12. Qd2 Qc7 13. f3 Rd8 14. g4 b5
15. Bd3 Bb7 16. h5 d5 17. e5 Ne4 18. fxe4 dxe4 19. Bxe7 Qxe7 20. Nxe4 Bxe4 21.
Rh3 h6 22. Qe2 Bxd3 23. Rhxd3 Rxd3 24. Qxd3 Qc5 25. Qe4 Rc8 26. a3 a5 27. Rd4
Rb8 1/2-1/2